Trivia de Disney #1 (películas animadas) - Estadísticas

Estadísticas generales
  • Esta prueba ha sido intentada 233 veces
  • La puntuación promedio es 10 de 15
Respuestas en el mapa
Las respuestas están codificadas por una escala verde-roja en el mapa de la prueba según el % correcto abajo.
 
Estadísticas de respuestas
Respuesta % Correcto
Coco
89%
Mulan
88%
Hércules
79%
Peter Pan
79%
Las locuras del Emperador
74%
Frozen
68%
Pocahontas
68%
Encanto
66%
Los Aristogatos
64%
Pinocho
64%
Enredados
55%
El Libro de la Selva
53%
El Rey León
53%
La Sirenita
45%
Up
25%
No se encontraron pruebas coincidentes
Distribución de puntuación
Porcentaje de gente con cada puntuación
Porcentaje por número respondido
Historial de tus puntuaciones
No has intentado esta prueba.